00438nam a22001697a 450000500170000000800410001702000180005804100080007608200150008410000210009924500460012025000090016626000410017530000190021665000120023570000210024720250317102612.0250317b |||||||| |||| 00| 0 eng d a9781292458632 aEng a658.85 MAN aManning, Gerald  aSelling Today: Partnering to Create Value a15th aUKb Pearson Education Limitedc2024 a543;. P. 27 CM aSelling aAhearne, Michael